000 00613nam a2200217 i 4500
001 12092
003 ES-MaACL
005 20250730063044.0
007 t|
008 970407s1996 sp ||||1| spa d
020 _a84-239-7665-3
080 _a860-31"19"
100 1 _aMatute, Ana María,
_d1925-2014
_979165
245 1 0 _aOlvidado rey Gudú /
_cAna María Matute.
260 _aMadrid :
_bEspasa-Calpe,
_c1996.
300 _a865 p. :
_bil. ;
_c23 cm.
490 1 _aEspasa narrativa
830 0 _aEspasa narrativa
_9179733
852 _aES-MaACL
_jL-19464
_bR.125776
999 _c12092
_d12092